Statistics for Arrow

Click here to take the quiz!

General Stats

  • This quiz has been taken 441 times
    (435 since last reset)
  • The average score is 20 of 32

Answer Stats

HintAnswer% Correct
Stranded on an isalnd for 5 years. Then came to Starling as the ArrowOliver Queen
99%
Daughter of a mass murderer, and is nicknamed SpeedyThea Queen
98%
Girlfriend's Sister, who was on the island for 2 years, before going to the League.Sara Lance
95%
Olivers girlfriend, before he went on the Queen's GambitLaurel Lance
94%
Queen Consolidated's I.T TechnicianFelicity Smoak
90%
Mother, who re-married when she found out that her husband and son had died.Moira Queen
89%
Oliver's best friend, Calls him murderer when he knows his secretTommy Merlyn
88%
Psychopath Father, who levelled the Glades, and is hunted by the LeagueMalcolm Merlyn
87%
Nicknamed Speedy when injected with MirikuruRoy Harper
84%
Owned Queen Consolidated before telling Oliver to right his wrongsRobert Queen
83%
Bought Queen Consolidated and made The A.T.O.M SuitRay Palmer
81%
Detective, who works with the Arrow, because he trusts himQuentin Lance
79%
CFO of Starling National Bank, who marries Oliver's MotherWalter Steele
78%
Was in the Armed Forces in AfghanistanJohn Diggle
77%
Corrupt Leader of A.R.G.U.SAmanda Waller
75%
Leader of Suicide Squad, and who wanted Oliver dead in Hong Kong.Amanda Waller
75%
Mercenary, who kills Diggle's brother. He never misses his target.Deadshot
73%
Created VertigoCount Vertigo
67%
Met on island after six months, and considers Oliver as a brother, then becomes DeathstrokeSlade Wilson
65%
Visits family in Starling, and says that she thinks Sara is aliveDinah Lance
59%
Slade fell in love with her on Island, and she taught Oliver how to use a bow and arrow.Shado
56%
Runs for Mayor of Starling, and secretly works for Deathstroke.Sebastian Blood
53%
In love with the ArrowCupid
49%
Father killed her FianceHuntress
41%
Mercenary, who uses Boomerangs as a weapon. The Arrow has Flash's help to bring him down.Captain Boomerang
38%
Mercenary in Iron Heights, who escaped and used claws to kill people. In love with China White.Bronze Tiger
37%
Head of the Demon, hunting the Dark Archer, and anyone who helps him.Ra's Al Ghul
29%
Shot Oliver with an arrow to protect him, then betrayed him to work for a mercenary.Yao Fei
26%
Heir to the Demon, In love with Sara, but with a disapproving FatherNyssa Al Ghul
25%
Saved Oliver's life when attacked by Mirikuru Soldier, who lives in Central CityBarry Allen
19%
Helped Oliver in Hong Kong, before going to the LeagueMaseo
15%
Mercenary hired by Amanda Waller, who was supposed to killed China White.Edward Fyers
7%

Score Distribution

Percentile by Number Answered

Percent of People with Each Score

Your Score History

You have not taken this quiz since the last reset